000 00553nam a22001817a 4500
005 20231101124459.0
008 231101b |||||||| |||| 00| 0 eng d
020 _a9780409113495
041 _aEnglish
082 _a346.7 INT
100 _lEnglish
245 _aAn Introduction to South African Banking and Credit Law /
_cHC Schoeman et al.
250 _aSecond Edition
260 _aDurban :
_bLexisNexis (Pty) Ltd,
_c2013
300 _bxxi, 311 pages ;
_c25 cm.
650 _aLegal practice
_bLaw
942 _cBK
_6ALISON_BN_VRIES
999 _c219
_d219